[Event "7th RTU Open 2017"]
[Site "Riga"]
[Date "2017.08.07"]
[Round "1"]
[White "Mierins, Eriks"]
[Black "Zeng, Chongsheng"]
[Result "0-1"]
[WhiteElo "2196"]
[BlackElo "2537"]
[Annotator "TA"]
[PlyCount "64"]
[EventDate "2017.??.??"]
[EventType "swiss"]
[EventCountry "LAT"]
[SourceTitle "playchess.com"]
[Source "ChessBase"]
[SourceQuality "1"]

{[%evp 14,64,10,-56,-46,-147,-145,-172,-106,-141,-143,-139,-138,-191,-135,-149,-147,-141,-164,-174,-153,-168,-132,-131,-112,-114,-121,-122,-137,-204,-206,-226,-226,-247,-267,-266,-259,-595,-568,-1578,-1589,-1554,-1544,-1501,-1354,-1282,-1235,-29984,-29985,-29985,-29986,-29993,-29994]} 1. e4 c5 2. Nf3 e6 3. d4 cxd4 4. Nxd4 Nc6 5. c4 Nf6 6. Nc3 Bb4 7. Nxc6 bxc6 8. e5 (8. Bd3 $11) 8... Ne4 $1 $15 {[%cal Re4c3] B44: Sicilian: Taimanov: 5 Nb5} 9. Qd4 (9. Bd2 $15 Bxc3 10. Bxc3) (9. Qg4 Nxc3 10. Bd2 Qa5 11. Qxg7 Rf8 12. bxc3 Bxc3 13. Rd1 Rb8 14. Bd3 Rb2 15. Bxc3 Qxc3+ 16. Kf1 Rd2 {0-1 (16) Norri,J (2356)-Agopov,M (2431) Helsinki 2014}) 9... Qa5 $17 {[%cal Re4c3]} 10. a3 {[#]} Nxc3 (10... Nxf2 $1 $19 {[%mdl 512]} 11. Qxf2 (11. Kxf2 $2 Bc5 $19) 11... Bxc3+ 12. Kd1 Bxe5) 11. axb4 Qxa1 12. Qxc3 {[#]} a5 $1 13. bxa5 $146 (13. Bd3 $17) ({Find the theoretical novelty and annotate with similar games:} 13. b5 cxb5 14. Bd3 bxc4 15. Be4 Rb8 16. O-O Qa4 17. Qg3 g6 {½-½ (17) Salem,A (2228)-Porter,R (2176) Mallorca 2004}) 13... Qxa5 ({Don't play} 13... Rxa5 14. Be2 $17) (13... c5 $19 14. Bd3 Qxa5) 14. b4 Qa1 15. Qe3 Qb1 {aiming for ...Ra1.} 16. Bd3 Qxb4+ 17. Bd2 Ra1+ 18. Ke2 Qb2 19. Rxa1 Qxa1 20. Qc5 f6 21. f4 (21. exf6 $17 gxf6 22. Bb4 Qe5+ 23. Qxe5 fxe5 24. Bd6) 21... Kf7 $19 22. Bb4 {Threatening mate with Qe7+.} Re8 23. exf6 {White threatens Qh5+ and mate.} Qb2+ 24. Kf3 g6 25. Qa5 $2 (25. h4) 25... c5 26. Bc3 Bb7+ 27. Ke3 Qc1+ 28. Ke2 Ra8 29. Bd2 Qg1 30. Qc7 Qxg2+ {Black mates.} 31. Kd1 Qf3+ 32. Be2 Ra1+ {Precision: White = 37%, Black = 87%.} 0-1

[Event "7th RTU Open 2017"]
[Site "Riga"]
[Date "2017.08.07"]
[Round "1"]
[White "Radkov, Bazhen D"]
[Black "Berelowitsch, Alexander"]
[Result "0-1"]
[WhiteElo "2192"]
[BlackElo "2527"]
[Annotator "TA"]
[PlyCount "80"]
[EventDate "2017.??.??"]
[EventType "swiss"]
[EventCountry "LAT"]
[SourceTitle "playchess.com"]
[Source "ChessBase"]
[SourceQuality "1"]

{[%evp 16,80,42,5,36,51,39,29,35,42,39,0,0,0,-7,-23,0,-19,-10,-12,0,0,0,0,38,-32,58,64,53,68,60,3,22,0,0,-197,70,22,22,0,0,-19,-25,-27,-24,-50,-41,-153,-113,-119,-120,-111,-117,-104,0,0,-4,-20,-18,-89,-95,-135,-122,-381,-368,-492,-483]} 1. d4 f5 2. g3 Nf6 3. Bg2 g6 4. Nf3 Bg7 5. O-O O-O 6. b3 Ne4 7. Bb2 Nc6 8. Nbd2 d6 9. c4 {LiveBook: 101 Games} a5 {A87: Dutch Defence: Leningrad System: 5 Nf3} (9... Nxd2 10. Qxd2 e5 11. d5 Nb8 12. Ng5 Qe7 13. f4 e4 14. Bxg7 Qxg7 15. Rac1 h6 16. Nh3 Nd7 17. Nf2 a5 18. Nd1 Nc5 19. Ne3 {1-0 (74) Neiksans,A (2607)-Piorun,K (2655) Jurmala 2016}) 10. Nxe4 fxe4 11. Ng5 e5 {White has an edge.} 12. Nxe4 {And now dxe5 would win.} exd4 $146 ({Predecessor:} 12... Nxd4 13. e3 Nc6 14. Qe2 Be6 15. Rad1 Qe7 16. Nc3 Kh8 17. Nd5 {½-½ (58) Gatterer,F (2350)-Nepustil,F (2390) ICCF email 2011}) 13. Nd2 Qe7 14. Re1 Bg4 15. h3 Bf5 16. e3 d3 17. Bxg7 Qxg7 18. g4 Bd7 $1 19. a3 a4 20. Ne4 (20. Rb1 $14) 20... Na5 ({Black should play} 20... g5 $1 $15) 21. b4 $14 Nxc4 22. Qxd3 Ne5 23. Qd5+ (23. Qe2 $14) 23... Kh8 $11 24. f4 Bc6 $36 {[%mdl 2048] Black has the initiative.} 25. Qd4 $2 {[#]} (25. Qd1 $11 {and White has nothing to worry.} Nc4 26. Qd3) 25... Nd7 $2 (25... Rxf4 $1 $19 {[%mdl 512] aiming for ...Bxe4!} 26. Kh1 (26. exf4 $2 {is the wrong capture.} Nf3+ 27. Bxf3 Qxd4+ 28. Kg2 Re8 $19) 26... Rf7) 26. Qxg7+ Kxg7 27. Ng5 {Threatens to win with Ne6+.} Rae8 28. Bxc6 bxc6 29. Rac1 c5 30. bxc5 Nxc5 31. Rcd1 (31. Nf3 $15) 31... Re7 32. Nf3 Rfe8 33. Kf2 Rb8 34. Nd4 Rb2+ ({Black should try} 34... Ne4+ $17 35. Kg1 Ree8) 35. Re2 Rb6 {Hoping for ...Ne4+.} 36. Rc2 Ne4+ 37. Kg2 (37. Kf3 $11 {keeps the balance.}) 37... c5 $17 38. Nf3 Rb3 39. g5 $2 {[%mdl 8192]} (39. Ng5 $17) 39... Rxa3 $19 40. h4 Rxe3 {Precision: White = 36%, Black = 58%.} 0-1

[Event "7th RTU Open 2017"]
[Site "Riga"]
[Date "2017.08.07"]
[Round "1"]
[White "Janzelj, Lara"]
[Black "Ladva, Ottomar"]
[Result "0-1"]
[WhiteElo "2152"]
[BlackElo "2532"]
[Annotator "TA"]
[PlyCount "46"]
[EventDate "2017.??.??"]
[EventType "swiss"]
[EventCountry "LAT"]
[SourceTitle "playchess.com"]
[Source "ChessBase"]
[SourceQuality "1"]

{[%evp 19,46,38,47,47,62,60,60,-159,-145,-223,-214,-191,-185,-375,-357,-365,-342,-352,-203,-523,-527,-738,-743,-744,-730,-952,-973,-960,-952]} 1. d4 Nf6 2. c4 e6 3. Nf3 d5 4. Nc3 dxc4 5. e3 a6 6. a4 b6 7. Bxc4 Bb7 8. O-O c5 9. Qe2 Nc6 10. Rd1 Qc7 11. d5 {D27: Queen's Gambit Accepted: Classical main line: 7 e4!? and 7 a4} exd5 $1 12. Bxd5 Be7 13. Bxf7+ $146 (13. e4 $1 $14 {keeps the upper hand.} Rd8 14. Bg5) ({Find the theoretical novelty and annotate with similar games:} 13. e4 O-O 14. e5 Nd4 15. Rxd4 cxd4 16. exf6 Bxf6 17. Bxb7 Qxb7 18. Ne4 Qc6 19. Nxf6+ Qxf6 {1-0 (39) Atalik,S (2570)-Krush,I (2465) Kansas 2003}) 13... Kxf7 $17 14. Ng5+ (14. e4 $17 Rhd8 15. Rxd8 Nxd8 16. Qc4+ Kf8 17. e5) 14... Ke8 $1 $19 15. Ne6 {[#]} Qc8 $1 {[%cal Rc8e6]} 16. Nd5 $2 {[#]} (16. Nf4) 16... Nxd5 $1 17. Qh5+ g6 18. Qxd5 Bf6 (18... Na5 $142 19. Qe5 Kf7 20. Ng5+ Bxg5 21. Qxg5 Rd8) 19. Qd6 $2 (19. Qb3 {is more resistant.}) 19... Kf7 {Black is clearly winning.} 20. e4 {If only White now had time for Ng5+....} Qxe6 21. Qc7+ Be7 ({Less strong is} 21... Qe7 22. Rd7 $17) 22. Qxb7 Ra7 23. Qxb6 Rb8 0-1

[Event "7th RTU Open 2017"]
[Site "Riga"]
[Date "2017.08.07"]
[Round "1.2"]
[White "Nabaty, Tamir"]
[Black "Tvarijonas, Tomas"]
[Result "1-0"]
[WhiteElo "2654"]
[BlackElo "2263"]
[Annotator "TA"]
[PlyCount "91"]
[EventDate "2017.??.??"]
[EventType "swiss"]
[EventCountry "LAT"]
[SourceTitle "playchess.com"]
[Source "ChessBase"]
[SourceQuality "1"]

{[%evp 12,91,39,29,70,76,102,83,89,94,182,106,103,107,104,98,111,42,120,120,128,114,128,112,127,117,114,104,131,59,56,33,43,41,40,44,122,69,128,103,108,96,80,28,185,185,212,203,193,170,296,286,277,277,280,281,364,354,334,308,414,414,474,456,568,565,794,788,781,780,779,768,2122,2335,1732,1731,29980,29982,29984,29985,29985,29986]} 1. d4 d5 2. Bf4 Nf6 3. e3 Bf5 4. c4 e6 5. Nc3 dxc4 6. Bxc4 c6 7. Nf3 Qb6 {D15: Slav Defence: 4 Nc3 a6 and gambit lines after 4 Nc3 dxc4} (7... Nd5 8. Bg3 Qa5 9. Qb3 Qb4 10. O-O Nb6 11. e4 Bg6 12. Be2 Qxb3 13. axb3 N8d7 14. d5 Bh5 15. dxc6 bxc6 {1-0 (51) Deviatkin,A (2569)-Barua,D (2410) Groningen 2012}) 8. Qe2 $146 ({Predecessor:} 8. Bb3 h6 9. O-O Be7 10. h3 O-O 11. Qc1 Nbd7 12. Bc2 Bxc2 13. Qxc2 Nd5 14. Bg3 N7f6 15. e4 Nxc3 16. bxc3 {1-0 (49) Perdi,Z (1745)-Rab,J (1813) Hungary 2016}) 8... Ne4 9. O-O Be7 {White is better.} 10. Ne5 {Hoping for g4.} g5 (10... Qd8 $16) 11. g4 (11. Nxe4 $18 gxf4 12. Nc5 (12. exf4 Qxd4 13. Ng5 Bxg5 $18) 12... Bxc5 13. dxc5 Qxc5 14. exf4) 11... Bg6 12. Nxg6 hxg6 13. Be5 (13. Nxe4 gxf4 14. exf4 Qc7 $14) 13... Nf6 14. Na4 ({Better is} 14. f4 $16 Nbd7 15. Bxe6 (15. fxg5 Nxe5 16. gxf6 Nxc4 $14) 15... fxe6 16. fxg5) 14... Qb4 (14... Qd8 $1 $14) 15. Nc5 $1 $16 {[#] a3 is the strong threat.} Rh4 16. a3 Qb6 17. b4 Nbd7 18. Bg3 Rxg4 19. e4 {Threatens to win with e5.} Rf4 (19... Nxc5 $2 20. dxc5 Bxc5 21. bxc5 $18) 20. Nxd7 (20. Bxf4 $16 gxf4 21. e5) 20... Nxd7 $14 21. d5 Ne5 22. dxe6 f6 23. Rfd1 (23. Bxf4 $6 gxf4 24. Rfd1 a5 $16) 23... Qc7 (23... Kf8 $14) 24. Kh1 (24. Kg2 $16) 24... Bd6 (24... a5 $14) 25. b5 Bc5 26. bxc6 bxc6 27. Rac1 (27. a4 $16) 27... Ke7 $2 (27... Qa5 $11 {and Black is okay.}) 28. Bb5 $36 {[%mdl 2048] White is on the roll.} Qb6 {[#]} 29. Bxc6 $1 {[%mdl 512]} Qxc6 30. Rd5 Rc8 (30... Rb8 $142 31. Rcxc5 (31. Bxf4 gxf4 32. f3 Rc8 $16) 31... Qa4 32. Bxf4 gxf4) 31. Rdxc5 ({Much less strong is} 31. Bxf4 gxf4 32. Rdxc5 Qxc5 $18) 31... Qxc5 32. Rxc5 ({Not} 32. Bxf4 Nc4 $14) 32... Rxc5 33. Qe3 Rc6 34. Bxf4 gxf4 35. Qxf4 Kxe6 {[%mdl 4096] Endgame KQ-KRN} 36. Qe3 a6 37. f4 Nc4 38. Qd3 Ke7 39. Qd5 Rc7 40. f5 gxf5 41. exf5 {[%cal Be4f5,Bf5f6][%mdl 32]} a5 42. Qe6+ Kd8 43. Qxf6+ Ke8 44. Qe6+ {White mates.} Kf8 45. f6 a4 46. h3 {Precision: White = 64%, Black = 30%.} 1-0

[Event "7th RTU Open 2017"]
[Site "Riga"]
[Date "2017.08.07"]
[Round "1.8"]
[White "Bogner, Sebastian"]
[Black "Gurpreet, Singh Maras"]
[Result "1-0"]
[WhiteElo "2600"]
[BlackElo "2247"]
[Annotator "TA"]
[PlyCount "97"]
[EventDate "2017.??.??"]
[EventType "swiss"]
[EventCountry "LAT"]
[SourceTitle "playchess.com"]
[Source "ChessBase"]
[SourceQuality "1"]

{[%evp 18,97,50,29,29,27,22,13,13,13,17,17,14,12,12,0,0,0,13,14,13,15,17,11,12,14,45,56,58,39,54,51,66,31,53,66,81,98,98,71,76,81,72,72,228,221,388,400,394,383,435,450,313,313,445,456,431,341,475,460,531,519,394,335,364,370,270,253,528,538,573,579,945,936,934,932,861,825,779,715,5999,5891]} 1. Nf3 Nf6 2. c4 b6 3. d4 e6 4. g3 Bb7 5. Bg2 Bb4+ 6. Bd2 c5 7. Bxb4 cxb4 8. O-O O-O 9. a3 Qe7 10. Qb3 {LiveBook: 4 Games. E16: Queen's Indian: 4 g3 Bb7 5 Bg2 Bb4+} Nc6 11. Nbd2 Rfc8 $146 ({Find the theoretical novelty and annotate with similar games:} 11... bxa3 12. Qxa3 Nb4 13. Rac1 Ne4 14. Nxe4 Bxe4 15. Ne5 Bxg2 16. Kxg2 a5 17. Nd3 Rfc8 {½-½ (66) Shen,Y (2443)-Hou,Y (2602) Ningbo 2011}) 12. d5 {The position is equal.} Na5 13. Qxb4 Qxb4 14. axb4 Nxc4 15. Nxc4 Rxc4 16. Ne5 Rxb4 17. Nd3 Rb3 18. dxe6 Bxg2 19. exf7+ Kxf7 20. Kxg2 a5 21. Rfc1 Ke7 22. Ra4 Ra7 23. g4 h6 24. h4 Rb5 25. Kg3 Kd8 26. Rac4 Ne8 27. Rc8+ Ke7 28. f4 Nd6 29. Rg8 Kf7 30. Rb8 Ne4+ $2 (30... a4 $16) 31. Kf3 $18 Nc5 $2 (31... Nd6 {was necessary.} 32. Ne5+ Ke6) 32. Ne5+ Ke7 33. Rd1 g5 34. fxg5 hxg5 {[#]} 35. h5 $1 {[%cal Rh5h6]} ({Not} 35. hxg5 Ne6 $16) 35... Rb3+ (35... Ne6 {might work better.} 36. Nc4 d5) 36. e3 {Threatens to win with h6.} Kf6 37. Nc4 b5 38. Nd6 Rxb2 39. h6 {Hoping for Kg3.} Rh2 40. Nf5 Kg6 {[#]} 41. Kg3 $1 ({Weaker is} 41. Rxb5 Ne6 $18) 41... Rxh6 42. Rg8+ Kf6 $2 (42... Kh7) 43. Nxh6 {White is clearly winning.} b4 44. Rd6+ Ke7 45. Nf5+ Kf7 46. Rg7+ Ke8 47. Rh6 {[%cal Rh6h8]} Kd8 48. Nd6 b3 49. Nb5 {Precision: White = 69%, Black = 47%.} 1-0

[Event "7th RTU Open 2017"]
[Site "Riga"]
[Date "2017.08.07"]
[Round "1.14"]
[White "Neiksans, Arturs"]
[Black "Player, Edmund C"]
[Result "1-0"]
[WhiteElo "2582"]
[BlackElo "2226"]
[Annotator "TA"]
[PlyCount "120"]
[EventDate "2017.??.??"]
[EventType "swiss"]
[EventCountry "LAT"]
[SourceTitle "playchess.com"]
[Source "ChessBase"]
[SourceQuality "1"]

{[%evp 20,120,35,30,39,26,43,35,39,34,81,75,72,71,80,73,73,79,107,91,91,91,91,91,91,91,91,91,86,81,86,89,143,143,141,141,139,144,144,145,145,150,150,143,139,139,136,135,141,131,125,111,127,60,79,85,72,71,78,72,68,88,99,97,75,82,120,110,102,113,120,20,20,20,56,64,542,1545,1373,1345,945,676,1688,1533,12267,5720,12840,12840,12841,12843,12843,12841,12845,12843,12845,12844,12846,12843,12844,12844,12851,12851,12851]} 1. c4 e5 2. Nc3 Nf6 3. Nf3 Nc6 4. e3 Bb4 5. Qc2 O-O 6. Nd5 Bc5 {A28: English Opening: Four Knights Variation} (6... Re8 7. Ng5 h6 8. Nxf6+ Qxf6 9. Qh7+ Kf8 10. Ne4 Qg6 11. Qxg6 fxg6 12. Bd3 Be7 13. Nc3 Kf7 14. O-O g5 {½-½ (68) Kovalenko,I (2657)-Paichadze,L (2568) Minsk 2017}) 7. Ng5 g6 8. Nxf6+ Qxf6 9. Ne4 Qe7 10. a3 a5 11. b3 {LiveBook: 3 Games} d6 12. Bb2 Be6 13. Be2 Bb6 14. Nc3 $146 ({Predecessor:} 14. O-O Nb8 15. d4 {1-0 (30) Hellers,F (2500)-Moberg,K (2300) Stockholm 1992}) 14... Nd8 15. Nd5 Bxd5 16. cxd5 c6 17. Bf3 Rc8 18. O-O f6 19. Rac1 Rc7 20. Qd3 Qd7 21. dxc6 bxc6 22. Qa6 Rb7 23. Rxc6 $1 Nxc6 24. Qc4+ Rf7 {Hoping for ...Rc7.} 25. Bxc6 Rc7 (25... Qc7 $142) 26. Bxd7 $16 Rxc4 27. bxc4 Rxd7 {[%mdl 4096] Endgame KRB-KRB} 28. Bc3 Rc7 29. Rb1 Rc6 30. Rb5 Bc7 31. Bxa5 Bxa5 32. Rxa5 Rxc4 {[%cal Rc4c1] KR-KR} 33. Kf1 Kf7 34. Ke2 Ke6 35. Kd1 h5 36. Rb5 (36. a4 $16) 36... Rh4 37. h3 Ra4 38. Rb3 g5 39. Kc2 g4 40. hxg4 Rxg4 41. g3 h4 {[#]} 42. gxh4 $1 Rxh4 43. Rb4 Rh2 44. f4 Kd5 45. Rb1 ({White should try} 45. f5 $16) 45... exf4 $11 46. exf4 Kc5 47. a4 {[%cal Ba3a4,Ba4a5][%mdl 32]} Rh7 $2 {[%mdl 8192] [#]} (47... Rf2 $14) 48. a5 $1 $18 {White is clearly winning.} Ra7 49. Ra1 Ra6 50. Kd3 f5 51. Kc3 d5 52. Kd3 d4 53. Re1 Rh6 54. Re5+ Kb4 55. Rxf5 Rd6 56. Re5 Rf6 57. f5 Kb3 58. Kxd4 Kc2 59. Ke4 Kxd2 60. Re6 Rf8 {Precision: White = 78%, Black = 43%.} 1-0

[Event "7th RTU Open 2017"]
[Site "Riga"]
[Date "2017.08.07"]
[Round "1.21"]
[White "Najart, David"]
[Black "Kotsur, Pavel"]
[Result "1/2-1/2"]
[WhiteElo "2213"]
[BlackElo "2558"]
[Annotator "TA"]
[PlyCount "35"]
[EventDate "2017.??.??"]
[EventType "swiss"]
[EventCountry "LAT"]
[SourceTitle "playchess.com"]
[Source "ChessBase"]
[SourceQuality "1"]

{[%evp 17,35,0,19,19,14,0,0,0,0,0,56,53,106,97,94,109,152,60,58,49]} 1. c4 e6 2. g3 d5 3. Bg2 Nf6 4. Nf3 dxc4 5. Qa4+ Nbd7 6. Qxc4 c5 7. O-O a6 8. Qb3 Bd6 {A13: English Opening: 1...e6} 9. Nc3 O-O {LiveBook: 8 Games} 10. d4 (10. a4 Rb8 11. a5 Bc7 12. Qa3 c4 13. b3 cxb3 14. d4 b5 15. axb6 Rxb6 {½-½ (67) Hou,Y (2651)-Kramnik,V (2809) Medias 2016}) 10... Qc7 {The position is equal.} 11. Rd1 b5 12. e4 {[%cal Be2e4,Be4e5][%mdl 32] aiming for e5.} cxd4 $146 ({Predecessor:} 12... c4 13. Qc2 e5 14. Bg5 Bb7 15. dxe5 Bxe5 {1-0 (42) Hild,D-Grohde,W corr 1998}) 13. Nxd4 Nc5 (13... Bc5 $1 $11) 14. Qc2 $1 $14 {Threatens to win with e5!} Rb8 {[#]} (14... Be5 $14) 15. Nc6 $1 $16 {[%mdl 512] Black must now prevent Rxd6.} Rb6 {[#]} (15... Qxc6 16. e5) 16. e5 $1 {[%cal Re5d6][%mdl 512]} Rxc6 (16... Bxe5 17. Nxe5) 17. Bxc6 ({Inferior is} 17. exd6 Rxd6 18. Rxd6 Qxd6 $11) (17. exf6 $16 g6 18. Ne2) 17... Bxe5 $14 18. Bg2 1/2-1/2

[Event "7th RTU Open 2017"]
[Site "Riga"]
[Date "2017.08.07"]
[Round "1.25"]
[White "Tirelli, Mauro"]
[Black "Kantans, Toms"]
[Result "1-0"]
[WhiteElo "2201"]
[BlackElo "2541"]
[Annotator "TA"]
[PlyCount "101"]
[EventDate "2017.??.??"]
[EventType "swiss"]
[EventCountry "LAT"]
[SourceTitle "playchess.com"]
[Source "ChessBase"]
[SourceQuality "1"]

{[%evp 22,101,29,16,13,0,2,13,14,9,37,19,38,15,15,10,12,18,25,8,112,29,87,72,97,111,108,105,142,88,95,90,88,-47,-39,-41,-45,-44,-46,-47,-43,-46,-39,-65,-62,-50,-40,-49,-39,-95,-4,-61,-11,-119,-125,-119,-128,-150,-128,-204,-138,-138,0,0,0,0,1608,1621,12833,12834,2033,1833,1059,1952,1612,1668,1610,1620,1223,1183,1012,833]} 1. b3 Nf6 2. Bb2 g6 3. Nf3 Bg7 4. e3 O-O 5. Be2 c5 6. c4 Nc6 7. O-O b6 8. d4 cxd4 9. Nxd4 Bb7 10. Bf3 Qc7 {A30: Symmetrical English: Double Fianchetto and Hedgehog} 11. Nc3 Rac8 {[%cal Ba8c8,Bc8c5,Bc5g5][%mdl 32]} (11... Nxd4 12. Bxb7 Qxb7 13. Qxd4 Ne4 14. Qxe4 Qxe4 15. Nxe4 Bxb2 16. Rad1 d6 17. Rd5 a6 18. Rb1 {½-½ (36) Dragun,K (2621)-Sadzikowski,D (2563) Warsaw 2017}) 12. Rc1 {LiveBook: 3 Games} (12. Ndb5 {with more complications.} Qb8 13. Qd2 a6 14. Na3 d6 15. Rad1) 12... Nxd4 {The position is equal.} 13. Bxb7 $146 ({Predecessor:} 13. exd4 d5 14. c5 bxc5 15. dxc5 Bc6 16. Ne2 e5 17. Ng3 Rfd8 18. Re1 {½-½ (38) Brueckel,G (2330)-Raidna,R (2374) IECG email 2002}) 13... Qxb7 14. Qxd4 d6 15. Rfd1 Rc5 16. Qd2 Rfc8 17. a4 Rg5 {[%csl Gg5][%cal Rb7g2]} 18. f4 Rgc5 19. Ba3 Rh5 20. Qd3 g5 (20... Nd7 $11) 21. f5 (21. Qe2 $16) 21... g4 (21... Rh4 $11) 22. Nd5 g3 {[#]} 23. h3 $1 ({Of course not} 23. hxg3 $6 Rg5 $11) 23... Rh4 24. e4 Rxe4 25. Qxg3 (25. Qf3 $142) 25... Nxd5 $16 26. Rxd5 Kh8 27. Re1 (27. Qf3 $16 Rh4 28. Bb4) 27... Be5 $15 28. Qf2 Rf4 29. Qe2 Rxf5 30. Bb2 {Hoping for Qe4.} f6 31. Bxe5 Rxe5 32. Rxe5 dxe5 {[%mdl 4096] Endgame KQR-KQR} 33. Rd1 Qc6 34. Qd2 Rg8 {White must now prevent ...Qf3.} 35. Qd5 ({White should try} 35. Kh2 $15) 35... Qc8 (35... Qxd5 $17 36. Rxd5 Rg3) 36. Kh1 (36. b4 $11) 36... Qf5 {With the idea ...Qc2.} 37. b4 (37. Qd7 $11 {keeps the balance.} Qxd7 38. Rxd7) 37... Qc2 $17 {Threatens to win with ...Rxg2!} 38. c5 bxc5 39. bxc5 Rc8 40. Rd3 (40. Qd7 $17 Qxc5 41. a5) 40... Qc1+ 41. Kh2 Qf4+ (41... Qxc5 $17 42. Qf7 Rg8) 42. Rg3 $11 {Strongly threatening c6.} Rf8 43. c6 {[%cal Bc5c6,Bc6c7][%mdl 32] c7 is the strong threat.} h5 $2 {[%mdl 8192] [#]} (43... e4 $11) 44. Qd1 $1 $18 {[%cal Rd1h5] White is clearly winning.} Qf5 45. c7 {White wants to mate with Qd8.} h4 46. Rd3 e4 47. Rd8 Qe5+ 48. Kh1 Qxc7 49. Rxf8+ Kg7 50. Rd8 f5 51. Rd7 {Precision: White = 45%, Black = 50%.} 1-0